| 000 | 00487nam a2200169Ia 4500 | ||
|---|---|---|---|
| 005 | 20250508155506.0 | ||
| 008 | 008 250505s9999 xx 000 0 eng d | ||
| 037 | _aBooks to be hide in OPAC | ||
| 040 |
_aFEDL _beng _cFEDL |
||
| 041 |
_aeng _2eng |
||
| 084 |
_a377.85425, UNI _qFEDL |
||
| 245 | 0 | _aConference on India christian education in the united provinces 1934 | |
| 260 | _c1935 | ||
| 300 | _a21p. | ||
| 942 |
_cHB _h377.85425, UNI |
||
| 999 |
_c1357264 _d1357264 |
||